Príjmové nerovnosti a zdravie obyvateľstva

Zdravie je jedným z najdôležitejších prvkov kvalitného života. Identifikácia kľúčových determinantov zdravia je preto nevyhnutná pre ďalší rozvoj ľudskej spoločnosti v prostredí nízkeho tempa ekonomického rastu, rastúcich príjmových nerovností a obmedzovania vládnych výdavkov. Príspevok sa zameriava...

Ausführliche Beschreibung

Gespeichert in:
Bibliographische Detailangaben
1. Verfasser: Tkáč, Miroslav, 1987-
Format: Buchkapitel
Sprache:Slowakisch
Schlagworte:
Tags: Tag hinzufügen
Keine Tags, Fügen Sie das erste Tag hinzu!

MARC

LEADER 00000nla a2200000 4500
001 0164123
005 20240502072847.1
041 0 |a slo 
044 |a SK 
245 1 0 |a Príjmové nerovnosti a zdravie obyvateľstva  |c Miroslav Tkáč 
520 |a Zdravie je jedným z najdôležitejších prvkov kvalitného života. Identifikácia kľúčových determinantov zdravia je preto nevyhnutná pre ďalší rozvoj ľudskej spoločnosti v prostredí nízkeho tempa ekonomického rastu, rastúcich príjmových nerovností a obmedzovania vládnych výdavkov. Príspevok sa zameriava na zistenie a popísanie vzťahu medzi hrubým domácim produktom, úrovňou príjmových nerovností a zdravotným stavom populácie rozvinutých krajín. Giniho koeficient. 
610 2 0 |a príjmy obyvateľstva 
610 2 0 |a nerovnosť 
610 2 0 |a zdravie 
100 1 |a Tkáč, Miroslav, 1987-